| 000 | 00802aam a2200325a 44500 | ||
|---|---|---|---|
| 008 | 930107s1992 cat | ||
| 020 | _a8479180234 | ||
| 041 | _acat | ||
| 080 | _a59:801.321.19 | ||
| 245 | _aDiccionari visual Altea dels animals | ||
| 260 | _aMadrid | ||
| 260 | _bSantillana | ||
| 260 | _c1992 | ||
| 300 |
_a64 p. _bil. _c31 cm. |
||
| 490 | _aDiccionaris Visuals Altea | ||
| 500 | _aÍndex | ||
| 520 | _aaprox. 2.700 | ||
| 591 | _a3557 | ||
| 592 | _aObra terminològica | ||
| 593 | _aDG | ||
| 594 | _a3557 | ||
| 650 |
_adiccionaris visuals _960634 |
||
| 650 |
_azoologia _960588 |
||
| 830 |
_aDiccionaris Visuals Altea _960632 |
||
| 901 | _c<1992> | ||
| 902 | _a930107 | ||
| 942 |
_cMO _n0 |
||
| 999 |
_c50999 _d50999 |
||